000 00689cam a2200241 a 4500
001 000010072
005 20200929161829.0
008 771019s1976 sp 000 p spa d
020 _a8432503177
040 _aDO-SdBNP
_cDLC
_dDLC
082 _a861.6
_bC392p
100 1 _aCelaya, Gabriel,
_d1911-1991
_924708
245 1 0 _aPoesía abierta /
_cGabriel Celaya.
260 _aMadrid :
_bDoncel,
_c1976.
300 _a217 p. ;
_c18 cm.
490 1 _aLibro de bolsillo Doncel
_v97
650 4 _aPoesía española
_9631
650 4 _aLiteratura española
_9632
830 0 _aLibro de bolsillo Doncel ;
_v97
_925052
910 _aCatalogación por copia / LC
910 _aWM
049 _aBNGR
999 _c9831
_d9831